| 000 | 00936nas a2200301 4500 | ||
|---|---|---|---|
| 001 | BR0604194 | ||
| 003 | BR-BrBNA | ||
| 005 | 20231205110347.0 | ||
| 007 | ta | ||
| 008 | 230509b bl.|||p| |||| 00| 00por d | ||
| 040 |
_aBR-BrBNA _bpor _cBiblioteca Nacional de Agricultura |
||
| 041 | _a(Pt) | ||
| 072 | _aF60; J11 | ||
| 100 | 1 | _aMorais, P.L.D. de | |
| 100 | 1 | _aLima, L.C. de O. | |
| 100 | 1 | _aAlves, L.C. de O. | |
| 100 | 1 | _aAlves, R.E. | |
| 100 | 1 | _aFilgueiras, H.A.C. | |
| 100 | 1 | _aAlmeida, A. da S. | |
| 245 | 1 | _aAlterações físicas, fisiológicas e químicas durante o armazenamento de duas cultivares de sapoti | |
| 650 | _aSAPOTI | ||
| 650 | _aCOMPOSIÇÃO QUÍMICA | ||
| 650 | _aMATURAÇÃO | ||
| 650 | _aPÓS-COLHEITA | ||
| 773 | 0 |
_tPesquisa Agropecuária Brasileira (Brazil) _xISSN 0100-204X _g(Apr 2006), v. 41(4) p. 549-554 _wBR0604194 |
|
| 909 |
_a202311 _bLúcia _c55 _dLúcia Elande |
||
| 942 |
_2AGRIS _n0 _cANA |
||
| 999 |
_c187107 _d187107 |
||